Statistics for the phonetic alphabet

Click here to take the quiz!

General Stats

  • This quiz has been taken 6 times
  • The average score is 15 of 26

Answer Stats

hintAnswer% Correct
aalpha
100%
ddelta
100%
eecho
100%
bbravo
80%
ccharlie
80%
ffoxtrot
80%
rromeo
80%
iindia
60%
jjuliet
60%
ttango
60%
uuniform
60%
vvictor
60%
xxray
60%
yyankee
60%
ggolf
40%
hhotel
40%
kkilo
40%
llima
40%
mmike
40%
nnovember
40%
ooscar
40%
qquebec
40%
wwhisky
40%
zzulu
40%
ppapa
20%
ssierra
20%

Score Distribution

Percentile by Number Answered

Percent of People with Each Score

Your Score History

You have not taken this quiz